000 00472nam a2200181Ia 4500
001 17218
005 20260306170409.0
008 260306t2022||||xx |||||||||||||| ||und||
041 _aESP
082 _a657.61
_bA93
100 _aAyala Zavala, Pascual
_eAUT
245 0 _aAnálisis y dinámica del PCGE por subcuentas y su aplicación práctica
260 _c2022
300 _a751 páginas :
_c25 cm.
650 _aGEN
654 _aCCO
942 _cLIB
_dJUS
_fJUS
_2ddc
_n
999 _c17218
_d17218